| 000 | 01358nam a2200373 i 4500 | ||
|---|---|---|---|
| 001 | 12386 | ||
| 003 | KOSZ 005 | ||
| 005 | 20200630132826.0 | ||
| 008 | 070620s1970 pl a f 001 0 pol | ||
| 015 | _aPB 1970/2242 | ||
| 040 |
_aWA N _cWA N _dKOSZ 005/RW _dKOSZ 005/HR |
||
| 041 | 1 |
_apol _heng |
|
| 046 | _k1970 | ||
| 080 | _a531 | ||
| 080 | _a539 | ||
| 100 | 1 |
_aOldenberg, Otto _d(1888-1983). _eAutor |
|
| 245 | 1 | 0 |
_aFizyka współczesna / _cOtto Oldenberg, Norman C. Rasmussen ; [z ang. tł. Olgierd Korgowd, Waldemar Gorzkowski, Andrzej Szymacha]. |
| 246 | 1 |
_iTyt. oryg.: _aModern physics for engineers. |
|
| 260 |
_aWarszawa : _bPaństwowe Wydawnictwo Naukowe, _c1970. |
||
| 300 |
_a600 s. : _bil. ; _c23 cm. |
||
| 380 | _aKsiążki. | ||
| 388 | _a1901-2000 | ||
| 504 | _aBibliogr. s. [581]-583. Indeks. | ||
| 658 | _aFizyka i astronomia | ||
| 650 | 4 | _aFizyka | |
| 650 | 4 | _aCiało stałe | |
| 700 | 1 |
_aRasmussen, Norman Carl _d(1927- ). _eAutor |
|
| 700 | 1 |
_aKorgowd, Olgierd. _eTłumaczenie |
|
| 700 | 1 |
_aSzymacha, Andrzej _eTłumaczenie |
|
| 700 | 1 |
_aGorzkowski, Waldemar _d(1939-2007) _eTłumaczenie |
|
| 710 | 2 |
_aPaństwowe Wydawnictwo Naukowe _4pbl. |
|
| 856 |
_uhttp://koha.tu.koszalin.pl/cgi-bin/koha/opac-detail.pl?biblionumber=12386 _yKatalog online BPK |
||
| 942 |
_2UKD _cKS |
||
| 999 |
_c12386 _d12386 |
||